01019nam a2200241 a 4500003000900000005001700009007000200026008004100028040002200069082002500091100005100116245010000167260006700267300002000334490006300354500007300417533006100490651006600551651007200617700003300689710004100722830001400763DO-SdBNP20210510140217.0 130308s1975 dr a 000 0 spa d aBPMSUbspacBPMSU 4a972.9304bG195a2 221 a Gándara y Navarro, José de la d1820-188510aAnexión y guerra de Santo Domingo /c José de la Gándara; prólogo Cristino Mártos.b  aSanto Domingo :bSociedad Dominicana de Bibliófilos ,c1975 av. :b c24 cm.0 aSociedad Dominicana de Bibliófilos aCultura dominicana  aIncluye referencias bibliográficas y notas al pie de las páginas aFacsímilarbMadridd1884cImprenta del Correo Militar  4aRepública Dominicana xHistoria yRestauración, 1844-1930 4aRepública Dominicana xHistoria xAnexión a España, 1861-186512aMártos, Cristinoepról. 2 aSociedad Dominicana de Bibliófilos 0aMonumento